00289nam a2200121Ia 4500008004100000100001300041245005400054260001600108300000800124650001300132942000700145999001500152190216s9999||||xx |||||||||||||| ||und|| aYakoob C 0aFunds Management In Banks And Insurence Companies bKalyani Pub a225 aCommerce cBK c7470d7470